Name the City - Most Recent Championships - Statistics

General Stats
  • This quiz has been taken 26 times
  • The average score is 21 of 26
Answer Stats
Hint Answer % Correct
2020 World Series, 2020 NBA Finals, Super Bowl LVI (2021), 2014 Stanley Cup Finals Los Angeles
100%
2009 World Series, 1973 NBA Finals, Super Bowl XLVI (2011), 1994 Stanley Cup Finals New York City
92%
2008 World Series, 1983 NBA Finals, Super Bowl LII (2017), 1975 Stanley Cup Finals Philadelphia
92%
2018 World Series, 2008 NBA Finals, Super Bowl LIII (2018), 2011 Stanley Cup Finals Boston
85%
2005 World Series, 1998 NBA Finals, Super Bowl XX (1985), 2015 Stanley Cup Finals Chicago
85%
1984 World Series, 2004 NBA Finals, None, 2008 Stanley Cup Finals Detroit
85%
2015 World Series, N/A , Super Bowl LIV (2019), N/A Kansas City
85%
1993 World Series, 2019 NBA Finals, N/A, 1967 Stanley Cup Finals Toronto
85%
2001 World Series, None, None, None Arizona
77%
2021 World Series, 1958 NBA Finals, None, N/A Atlanta
77%
1983 World Series, N/A, Super Bowl XLVII (2012), N/A Baltimore
77%
1948 World Series, 2016 NBA Finals, N/A, N/A Cleveland
77%
None, 2011 NBA Finals, Super Bowl XXX (1995), 1999 Stanley Cup Finals Dallas
77%
None, None, Super Bowl 50 (2015), 2001 Stanley Cup Finals Denver
77%
2017 World Series, 1995 NBA Finals, None, N/A Houston
77%
2003 World Series, 2013 NBA Finals, Super Bowl VIII (1973), N/A Miami
77%
None, 2021 NBA Finals, N/A, N/A Milwaukee
77%
1979 World Series, N/A, Super Bowl XLIII (2008), 2017 Stanley Cup Finals Pittsburgh
77%
2014 World Series, 2022 NBA Finals, Super Bowl XXIX (1994), N/A San Francisco
77%
None, 1979 NBA Finals, Super Bowl XLVIII (2013), None Seattle
77%
2011 World Series, N/A, N/A, 2019 Stanley Cup Finals St. Louis
77%
None, N/A, Super Bowl LV (2020), 2021 Stanley Cup Finals Tampa Bay
77%
2019 World Series, 1978 NBA Finals, Super Bowl XXVI (1991), 2018 Stanley Cup Finals Washington
77%
1991 World Series, None, None, None Minnesota
69%
N/A, N/A, None, None Buffalo
62%
N/A, N/A, Super Bowl XLV (2010), N/A Green Bay
62%
No matching quizzes found
Score Distribution
Percent of People with Each Score
Percentile by Number Answered
Your Score History
You have not taken this quiz